LEADER 00965nam0 2200277 450 001 000001113 005 20050630115300.0 010 $a88-324-8310-6 100 $a--------d1997----km-y0itay50------ba 101 $aita 102 $aIT 200 1 $aGuida alla fiscalità internazionale$etassazione dei redditi prodotti in Italia e all'estero : aspetti civilistici e valutari, convenzioni contro le doppie imposizioni$fMarco Piazza 205 $a6. ed. 210 $a[Milano]$c[Il Sole 24 ore]$d1997 215 $aXX, 751 p.$d24 cm 225 2 $aFisco 410 0$12001$aFisco 610 1 $aRedditi prodotti all'estero$aTributi$aLegislazione 610 1 $aCittadini non residenti$aTributi$aLegislazione 676 $a343.4505248 700 1$aPiazza,$bMarco$0116285 801 0$aIT $bUNIPARTHENOPE $gRICA $2UNIMARC 912 $a000001113 951 $cNAVA1$a343-G/2$b32929$d20000328 996 $aGuida alla fiscalità internazionale$9418357 997 $aUNIPARTHENOPE LEADER 03068nam 2200769 450 001 9910465043803321 005 20200520144314.0 010 $a3-11-038029-3 010 $a3-05-009379-X 024 7 $a10.1524/9783050093796 035 $a(CKB)3460000000133041 035 $a(EBL)1377215 035 $a(SSID)ssj0001333245 035 $a(PQKBManifestationID)12501592 035 $a(PQKBTitleCode)TC0001333245 035 $a(PQKBWorkID)11396187 035 $a(PQKB)11077919 035 $a(MiAaPQ)EBC1377215 035 $a(DE-B1597)240455 035 $a(OCoLC)891761156 035 $a(OCoLC)903962589 035 $a(DE-B1597)9783050093796 035 $a(Au-PeEL)EBL1377215 035 $a(CaPaEBR)ebr11006604 035 $a(CaONFJC)MIL805460 035 $a(OCoLC)890089614 035 $a(EXLCZ)993460000000133041 100 $a20150126h20142014 uy 0 101 0 $ager 135 $aur|n|---||||| 181 $ctxt 182 $cc 183 $acr 200 10$aKultur des Diagramms /$fJohn Bender, Michael Marrinan ; u?bersetzt von Veit Friemert 210 1$aBerlin, Germany :$cAkademie Verlag,$d2014. 210 4$d©2014 215 $a1 online resource (300 p.) 225 1 $aActus et Imago ;$vBand 8 300 $aDescription based upon print version of record. 311 $a3-05-005765-3 320 $aIncludes bibliographical references and index. 327 $t Frontmatter -- $tINHALTSVERZEICHNIS -- $tVorwort von Horst Bredekamp. Das Diagramm Als Prozess -- $t1. Das Szenario -- $t2. Diagramm -- $t3. Beschreibungen -- $t4. Visualisierungen -- $t5. Zahlen -- $t6. Überschreitungen -- $tDanksagung -- $tPersonenregister -- $tSachregister -- $tBibliografie -- $tBildnachweis -- $t Backmatter 330 $adie Autoren eröffnen in ihrem Buch eine neue Sicht auf Bild und Wort beziehungsweise artikulierte und dichte Systeme im Sinne Goodmans, die sie zu einem instruktiven Diagrammkonzept zusammenführen. Diagramme sind Amalgame des Erkennens. Sie sind aber auch innerweltlich vorfindbare Gegenstände, mit denen kognitiv gearbeitet wird. Diagrammatisches Denken eröffnet Querverweise und ermöglicht so eine relationale, vom Erkennenden aktiv betriebene Urteilsbildung. Es führt zu einem Wissen, das konkret und prozesshaft ist. 410 0$aActus et Imago ;$vBand 8. 606 $aVisualization 606 $aVisual perception 606 $aArt and science 606 $aArt, Modern$xHistory 606 $aScientific literature$xHistory 608 $aElectronic books. 615 0$aVisualization. 615 0$aVisual perception. 615 0$aArt and science. 615 0$aArt, Modern$xHistory. 615 0$aScientific literature$xHistory. 676 $a121/.35 686 $aAM 29700$2rvk 700 $aBender$b John$0165503 702 $aMarrinan$b Michael 702 $aFriemert$b Veit 801 0$bMiAaPQ 801 1$bMiAaPQ 801 2$bMiAaPQ 906 $aBOOK 912 $a9910465043803321 996 $aKultur des Diagramms$92475503 997 $aUNINA LEADER 03846nam 2200445 450 001 9910155026303321 005 20230810001450.0 010 $a9781536104820 (electronic book) 010 $a1-5361-0482-5 035 $a(CKB)3710000000972902 035 $a(MiAaPQ)EBC4775074 035 $a(EXLCZ)993710000000972902 100 $a20170117h20172017 uy 0 101 0 $aeng 135 $aurcnu|||||||| 181 $ctxt$2rdacontent 182 $cc$2rdamedia 183 $acr$2rdacarrier 200 00$aAdvances in chemistry research$hVolume 34 /$fJames C. Taylor, editor 210 1$aNew York :$cNova science Publishers,$d2017. 210 4$d©2017 215 $a1 online resource (257 pages) $cillustrations 225 0 $aAdvances in Chemistry Research,$x1940-0950 311 1 $a1-5361-0468-X 320 $aIncludes bibliographical references and index. 327 $aKinetic Study and Theoretical Optimization of the Catalytic Reaction of Alcohols with Dimethylcarbonate -- Linalool: A Key Contributor to the Aroma Nuances in Hoppy Beer, Cocoa Liquor, Wines, and Fermented Tea Beverage -- Neurological Activities of Linalool and Other Fragrant Compounds -- Iridoids: Phytochemistry and Biological Activity A Contemporary Approach to Study of Anthraquinone Dye Structure -- by Tandem Mass Spectrometry -- Use of Mimetic and Catalytic Properties of Phthalocyanine, Porphyrin and Cyclodextrin Compounds Including Artificial and Bioinspired Enzymes in the Development of Electrochemical Sensors -- Qualitative Behavior of Concentration Curves in First Order Chemical Kinetics Mechanisms -- Effect of Anions on Electrochemical Degradation of Perchlorate in Water Using Zero-Valent Titanium -- Poly (Ethylene glycol)-Supported Ruthenium (II) Polypyridyl Complex as a Novel and Recyclable Visible Light Photocatalyst for Organic Syntheses -- Synthesis of Radically Deoxygenated Sugars. 330 $aThe authors'of this latest volume discuss recent advances in chemistry research. Chapter One studies theoretical optimization of the catalytic reaction of alcohols with dimethylcarbonate. Chapter Two provides a review of linalool, a key contributor to the aroma nuances in hoppy beers, cocoa liquors, wines and fermented tea beverages. Chapter Three provides a discussion of neurological studies on linalool and other fragrant compounds. Chapter Four focuses on the phytochemistry and biological activities of iridoids. Chapter Five presents the fragmentation pathways of different anthraquinone-based colorants utilised for structural determination of unknown red colorants obtained from various sources and analysed using HPLC-UV-VIS ESI MS/MS system. Chapter Six researches the process of synthesis, catalysis and mimetic properties obtained with the use of phthalocyanine, porphyrin and cyclodextrin complexes in the development of electrochemical sensors. Chapter Seven investigates first order chemical kinetics mechanisms and obtains general conclusions about the qualitative behavior of the concentrations curves. Chapter Eight discusses the effect of co-anions on perchlorate degradation using zero-valent titanium (ZVT) anode. Chapter Nine studies the use of poly(ethylene glycol)-supported ruthenium(II) polypyridyl complex as a novel and recyclable visible light photocatalyst for organic synthesis. Chapter Ten discusses the synthesis of radically 606 $aChemistry$xResearch 615 0$aChemistry$xResearch. 676 $a540.724 702 $aTaylor$b James C. 801 0$bMiAaPQ 801 1$bMiAaPQ 801 2$bMiAaPQ 801 2$b6680 856 40$ahttps://search-ebscohost-com.ezproxy.uwc.ac.za/login.aspx?direct=true&db=nlebk&AN=1430792&site=ehost-live&scope=site 906 $aBOOK 912 $a9910155026303321 996 $aAdvances in chemistry research$92040513 997 $aUNINA